Fiškálny význam priamych daní v daňových systémoch vybraných krajín OECD bakalárska práca

Saved in:
Bibliographic Details
Main Author: Poľančíková, Simona
Corporate Author: Národohospodárska fakulta EU. Katedra financií
Other Authors: Geško, Martin
Format: Book
Language:Slovak
Published: Bratislava 2017
Tags: Add Tag
No Tags, Be the first to tag this record!

MARC

LEADER 00000nbm a2200000 4500
001 0233850
005 20171107095700.8
041 0 |a slo 
044 |a SK 
245 1 0 |a Fiškálny význam priamych daní v daňových systémoch vybraných krajín OECD  |b bakalárska práca  |c Simona Poľančíková ; školiteľ: Martin Geško 
264 1 |a Bratislava  |c 2017 
300 |a 44 s. 
100 1 |a Poľančíková, Simona 
700 1 |a Geško, Martin 
710 2 |a Národohospodárska fakulta EU. Katedra financií